| 000 | 00900nam a2200265Ia 4500 | ||
|---|---|---|---|
| 001 | 22090 | ||
| 005 | 20260320113341.0 | ||
| 008 | 260320s9999||||xx |||||||||||||| ||und|| | ||
| 020 | _a9786123331689 | ||
| 041 | _aESP | ||
| 082 |
_a345.7 _bC34E |
||
| 100 |
_aCastillo Buesa, Luis Alberto, _eAUT |
||
| 245 | 0 |
_aLas excepciones en el proceso civil : _bdoctrina, legislación, jurisprudencia |
|
| 246 |
_a _5 _b |
||
| 250 | _aPrimera edición | ||
| 260 |
_aLima : _bGaceta Jurídica, _c2025 |
||
| 300 |
_a223 páginas : _b _c25 cm. _e |
||
| 440 |
_a _n _v |
||
| 650 | _aCIS | ||
| 653 | _aDerecho; Derecho procesal civil; Excepciones | ||
| 654 | _aDER | ||
| 700 |
_a _c |
||
| 856 |
_uhttps://0u21brwtv-y-https-palestra-tirantonline-com.itmsp.museknowledge.com/base/per/general/searches?token_id=69b0656000e8ec000b683168 _zVéase además: Base de datos Tirant Palestra |
||
| 942 |
_cLIB _dJUS _fMIP _2ddc _n |
||
| 999 |
_c22090 _d22090 |
||